[Event "Burgas op 18th"]
[Site "Ourense"]
[Date "2009.07.09"]
[Round "3"]
[White "Gomez Garrido, Camilo Ernesto"]
[Black "Outeiro Padin, Heladio"]
[Result "1-0"]
[WhiteElo "2461"]
[BlackElo "1921"]
[PlyCount "65"]
[EventDate "2009.07.07"]
[EventType "swiss"]
[EventRounds "9"]
[EventCountry "ESP"]
[SourceTitle "CBM 131 Extra"]
[Source "ChessBase"]
[SourceDate "2009.09.03"]
[SourceVersion "2"]
[SourceVersionDate "2009.09.16"]
[SourceQuality "1"]

1. e4 e6 2. d4 d5 3. Nd2 Nf6 4. e5 Nfd7 5. Bd3 c5 6. c3 Nc6 7. Ne2 cxd4 8. cxd4 f6 9. exf6 Nxf6 10. 0-0 Bd6 11. Nf3 0-0 12. Bg5 Qc7 13. Rc1 Ne4 14. Bh4 Qa5 15. a3 Rxf3 16. gxf3 Nd2 17. b4 Nxf3+ 18. Kh1 Qb6 19. Bxh7+ Kxh7 20. Qd3+ Kg8 21. Qxf3 Nxd4 22. Qe3 Nxe2 23. Rxc8+ Rxc8 24. Qxe6+ Kh7 25. Qxc8 Qd4 26. Qc2+ Qe4+ 27. Qxe4+ dxe4 28. Bg3 Be7 29. Be5 g5 30. Re1 Nf4 31. Bxf4 gxf4 32. Rxe4 Bg5 33. Rc4 1-0

[Event "Cambados op 24th"]
[Site "Cambados"]
[Date "2008.08.03"]
[Round "3"]
[White "Dimitrov, Vladimir"]
[Black "Outeiro Padin, Heladio"]
[Result "1-0"]
[WhiteElo "2450"]
[BlackElo "1916"]
[PlyCount "55"]
[EventDate "2008.08.01"]
[EventType "swiss"]
[EventRounds "9"]
[EventCountry "ESP"]
[SourceTitle "CBM 125 Extra"]
[Source "ChessBase"]
[SourceDate "2008.09.01"]
[SourceVersion "1"]
[SourceVersionDate "2008.09.01"]
[SourceQuality "1"]

1. e4 e6 2. d4 d5 3. Nd2 Nf6 4. e5 Nfd7 5. c3 c5 6. f4 Nc6 7. Ndf3 cxd4 8. cxd4 Qb6 9. a3 f6 10. Bd3 Be7 11. b4 a6 12. Ne2 Nf8 13. 0-0 Ng6 14. Kh1 Bd7 15. Bd2 0-0 16. Qb1 f5 17. Rg1 Nh4 18. Ne1 Be8 19. g3 Ng6 20. Nf3 Rc8 21. Qf1 Kh8 22. Qh3 Qd8 23. g4 Nh4 24. Nxh4 Bxh4 25. Rg2 Be7 26. gxf5 exf5 27. Bxf5 Bh4 28. Bxc8 1-0